Автомобильный справочник: пер. с нем.; Т. 2
| Главный автор: | |
|---|---|
| Другие авторы: | |
| Примечания: | Автомобильный технический справочник, являющийся переводом с немецкого, выходит в двух томах. В первом томе справочника приведены сведения по теории автомобиля, топливу, смазке, испытаниям автомобилей и двигателей, а также некоторые данные о материалах, применяемых в автомобилестроении. Кроме того, в первом томе специальные разделы посвящены описанию коробки передач, главной передачи, подвески, тормозов, рулевого управления и т.д. Во втором томе описаны конструкции различных двигателей внутреннего сгорания. Рассмотрены двигатели с воздушным охлаждением. Дано описание мотоциклов, мопедов и мотороллеров, а также автомобилей специального назначения, прицепов, тракторов, электромобилей и троллейбусов. Справочник, содержащий большой фактический материал, будет полезен для инженерно-технических работников, занимающихся конструированием автомобилей, тракторов, мотоциклов и т.д. |
| Язык: | русский |
| Опубликовано: |
Москва, Машгиз, 1959
|
| Предметы: | |
| Формат: | Книга |
| Запись в KOHA: | https://koha.lib.tpu.ru/cgi-bin/koha/opac-detail.pl?biblionumber=338719 |
MARC
| LEADER | 00000nam0a2200000 4500 | ||
|---|---|---|---|
| 001 | 338719 | ||
| 005 | 20231102005056.0 | ||
| 035 | |a (RuTPU)RU\TPU\book\365223 | ||
| 035 | |a RU\TPU\book\364323 | ||
| 090 | |a 338719 | ||
| 100 | |a 20171201d1959 km y0rusy50 ca | ||
| 101 | 1 | |a rus |c ger | |
| 102 | |a RU | ||
| 105 | |a a g 000zy | ||
| 200 | 1 | |a Автомобильный справочник |h Т. 2 |e пер. с нем. |f Р. Бюссиен | |
| 210 | |a Москва |c Машгиз |d 1959 | ||
| 215 | |a 973 с. |c ил. | ||
| 330 | |a Автомобильный технический справочник, являющийся переводом с немецкого, выходит в двух томах. В первом томе справочника приведены сведения по теории автомобиля, топливу, смазке, испытаниям автомобилей и двигателей, а также некоторые данные о материалах, применяемых в автомобилестроении. Кроме того, в первом томе специальные разделы посвящены описанию коробки передач, главной передачи, подвески, тормозов, рулевого управления и т.д. Во втором томе описаны конструкции различных двигателей внутреннего сгорания. Рассмотрены двигатели с воздушным охлаждением. Дано описание мотоциклов, мопедов и мотороллеров, а также автомобилей специального назначения, прицепов, тракторов, электромобилей и троллейбусов. Справочник, содержащий большой фактический материал, будет полезен для инженерно-технических работников, занимающихся конструированием автомобилей, тракторов, мотоциклов и т.д. | ||
| 606 | 1 | |a Автомобили |2 stltpush |3 (RuTPU)RU\TPU\subj\986 |9 29789 | |
| 610 | 1 | |a справочники | |
| 610 | 1 | |a теория | |
| 610 | 1 | |a топлива | |
| 610 | 1 | |a смазка | |
| 610 | 1 | |a смазочные материалы | |
| 610 | 1 | |a испытание | |
| 610 | 1 | |a оценка | |
| 610 | 1 | |a материалы | |
| 610 | 1 | |a допуски | |
| 610 | 1 | |a посадки | |
| 610 | 1 | |a шестерни | |
| 610 | 1 | |a цепные передачи | |
| 610 | 1 | |a подшипники качения | |
| 610 | 1 | |a детали | |
| 610 | 1 | |a соединения | |
| 610 | 1 | |a коробки передач | |
| 610 | 1 | |a приводы | |
| 610 | 1 | |a червячные передачи | |
| 610 | 1 | |a тормоза | |
| 610 | 1 | |a рулевое управление | |
| 610 | 1 | |a подвески | |
| 610 | 1 | |a шины | |
| 610 | 1 | |a колеса | |
| 610 | 1 | |a шасси | |
| 610 | 1 | |a измерительные приборы | |
| 610 | 1 | |a отопление | |
| 610 | 1 | |a кондиционирование воздуха | |
| 675 | |a 629.113(035) |v 4 | ||
| 700 | 1 | |a Бюссиен |b Р. |g Рихард | |
| 702 | 1 | |a Островцев |b А. Н. |4 340 | |
| 801 | 1 | |a RU |b 63413507 |c 20171114 | |
| 801 | 2 | |a RU |b 63413507 |c 20171201 |g RCR | |
| 942 | |c BK | ||